Normal view
MARC view
- Liu, Zheng,
Entry Personal Name
001 - CONTROL NUMBER
- control field: 96510
003 - CONTROL NUMBER IDENTIFIER
- control field: NUST
005 - DATE AND TIME OF LATEST TRANSACTION
- control field: 20220804105203.0
008 - FIXED-LENGTH DATA ELEMENTS
- fixed length control field: 220804|| aca||aabn | a|a d
040 ## - CATALOGING SOURCE
- Original cataloging agency: NUST
- Transcribing agency: NUST
100 ## - HEADING--PERSONAL NAME
- Personal name: Liu, Zheng,
- Dates associated with a name: 1969 July 7-
670 ## - SOURCE DATA FOUND
- Source citation: Work cat.: (NUST)178683: Multi-sensor image fusion and its applications /, 2006.
